[Event "Olympiad Women-36"]
[Site "Mallorca"]
[Date "2004.10.29"]
[Round "14.3"]
[White "Puuska, Heini"]
[Black "Batceceg, Tuvshintogs"]
[Result "0-1"]
[WhiteElo "2023"]
[BlackElo "2209"]
[PlyCount "62"]
[EventDate "2004.10.15"]
[EventType "team-swiss"]
[EventRounds "14"]
[EventCountry "ESP"]
[SourceTitle "CBM 102 Extra"]
[Source "ChessBase"]
[SourceDate "2004.11.03"]
[SourceVersion "1"]
[SourceVersionDate "2004.11.03"]
[SourceQuality "1"]
[WhiteTeam "Finland (W)"]
[BlackTeam "Mongolia (W)"]
[WhiteTeamCountry "FIN"]
[BlackTeamCountry "MGL"]

1. d4 Nf6 2. Bg5 Ne4 3. Bf4 c5 4. f3 Qa5+ 5. c3 Nf6 6. Nd2 cxd4 7. Nb3 Qf5 8. Bxb8 Rxb8 9. Qxd4 b6 10. e4 Qf4 11. g3 Qc7 12. e5 Ng8 13. Bd3 e6 14. Nh3 Ne7 15. Ng5 Nc6 16. Qh4 Nxe5 17. 0-0-0 Be7 18. f4 Nxd3+ 19. Rxd3 h6 20. Qh5 0-0 21. Nf3 Bb7 22. Rhd1 d6 23. g4 Be4 24. Re3 d5 25. Ne5 Bd6 26. Nd4 Bxe5 27. fxe5 b5 28. Ne2 b4 29. Ng3 Rb6 30. Qh4 bxc3 31. bxc3 Qc4 0-1

[Event "Olympiad Women-36"]
[Site "Mallorca"]
[Date "2004.10.16"]
[Round "2.3"]
[White "Batceceg, Tuvshintogs"]
[Black "Chirivi Castiblanco, Jenny Astrid"]
[Result "1-0"]
[WhiteElo "2209"]
[BlackElo "2070"]
[PlyCount "69"]
[EventDate "2004.10.15"]
[EventType "team-swiss"]
[EventRounds "14"]
[EventCountry "ESP"]
[SourceTitle "CBM 102 Extra"]
[Source "ChessBase"]
[SourceDate "2004.11.03"]
[SourceVersion "1"]
[SourceVersionDate "2004.11.03"]
[SourceQuality "1"]
[WhiteTeam "Mongolia (W)"]
[BlackTeam "Columbia (W)"]
[WhiteTeamCountry "MGL"]
[BlackTeamCountry "COL"]

1. d4 d5 2. Nf3 e6 3. c4 Nf6 4. g3 Be7 5. Bg2 0-0 6. 0-0 Nbd7 7. Qc2 c6 8. Rd1 b6 9. Nbd2 Bb7 10. b3 Rc8 11. e4 c5 12. e5 Ne8 13. dxc5 Bxc5 14. Qd3 Ba6 15. Bb2 h6 16. Rac1 Qe7 17. Qb1 Nc7 18. cxd5 Nxd5 19. Nc4 Rfd8 20. Qe4 b5 21. Ncd2 N7b6 22. Qg4 Nb4 23. Bf1 Nd3 24. Bxd3 Rxd3 25. Ne4 Rxd1+ 26. Rxd1 Kh8 27. Nd6 Rd8 28. Nxf7+ Qxf7 29. Rxd8+ Kh7 30. Bd4 Be7 31. Bxb6 axb6 32. Qe4+ Qf5 33. Qxf5+ exf5 34. Ra8 Bb7 35. Ra7 1-0

[Event "World University-ch (Women) 7th"]
[Site "Ulaanbaatar"]
[Date "2002.09.14"]
[Round "4"]
[White "Ding, Linlin"]
[Black "Batceceg, Tuvshintogs"]
[Result "0-1"]
[WhiteElo "2294"]
[BlackElo "2188"]
[PlyCount "105"]
[EventDate "2002.09.11"]
[EventType "swiss"]
[EventRounds "9"]
[EventCountry "MGL"]
[SourceTitle "CBM 090 Extra"]
[Source "ChessBase"]
[SourceDate "2002.11.07"]
[SourceVersion "1"]
[SourceVersionDate "2002.11.07"]
[SourceQuality "1"]

1. e4 c5 2. Nf3 d6 3. d4 cxd4 4. Nxd4 Nf6 5. Nc3 Nc6 6. Bc4 Qb6 7. Nb3 e6 8. Be3 Qc7 9. 0-0 a6 10. f4 b5 11. Bd3 Be7 12. Qf3 Bb7 13. Rae1 0-0 14. Kh1 Nb4 15. Nd4 Nxd3 16. cxd3 b4 17. Nce2 Qa5 18. Nc1 Rac8 19. Qg3 Qh5 20. Bd2 a5 21. Ncb3 Bd8 22. f5 e5 23. Nb5 Ne8 24. f6 Qg6 25. fxg7 Kxg7 26. Qh3 Rc2 27. Qd7 a4 28. Re3 Bh4 29. Qh3 Bg5 30. Rg3 h6 31. Bxg5 hxg5 32. N3d4 exd4 33. Nxd4 Bc8 34. Nf5+ Bxf5 35. exf5 Qf6 36. Qh4 Rh8 37. Qxb4 Qxb2 38. Qxa4 f6 39. Qd7+ Kf8 40. h3 Qe5 41. Rgf3 g4 42. d4 gxh3 43. g3 Qd5 44. Qe6 Qxa2 45. Qxa2 Rxa2 46. Re1 Rd2 47. Rb3 Rh7 48. Rbe3 Ng7 49. g4 Rxd4 50. Rb3 Ne8 51. Rbe3 Nc7 52. Rb3 Re7 53. Rg1 0-1

[Event "MGL-ch (Women)"]
[Site "Ulaanbaatar"]
[Date "2002.04.12"]
[Round "11"]
[White "Battsengel, Shirchin"]
[Black "Batceceg, Tuvshintogs"]
[Result "1/2-1/2"]
[WhiteElo "2025"]
[BlackElo "2215"]
[PlyCount "104"]
[EventDate "2002.04.01"]
[EventType "tourn"]
[EventRounds "11"]
[EventCountry "MGL"]
[SourceTitle "EXT 2003"]
[Source "ChessBase"]
[SourceDate "2002.11.25"]
[SourceVersion "1"]
[SourceVersionDate "2002.11.25"]
[SourceQuality "1"]

1. d4 Nf6 2. c4 c5 3. d5 b5 4. cxb5 a6 5. bxa6 g6 6. Nc3 Bxa6 7. g3 d6 8. Bg2 Bg7 9. Nf3 0-0 10. 0-0 Nbd7 11. Re1 Nb6 12. e4 Nfd7 13. Bf4 Nc4 14. Qc2 Qa5 15. Rac1 Rfb8 16. b3 Nce5 17. Nxe5 Nxe5 18. Bxe5 Bxe5 19. Ne2 Qb4 20. Rcd1 c4 21. Nc1 cxb3 22. axb3 Rc8 23. Qb1 Bc4 24. Nd3 Bxd3 25. Qxd3 Rc3 26. Qf1 Rxb3 27. f4 Bd4+ 28. Kh1 Ra2 29. Re2 Rbb2 30. Rxb2 Qxb2 31. h4 Qc3 32. Qd3 Qb2 33. Qf1 Qb5 34. Qd3 Bf2 35. Qf3 Qb2 36. Rf1 Bd4 37. g4 Ra5 38. Qd1 Bf2 39. Bf3 Kg7 40. Kh2 Ra2 41. Rh1 Bg3+ 42. Kxg3 Qf2+ 43. Kh3 Ra3 44. Rf1 Qb2 45. Qe1 Ra2 46. Qg3 Qd2 47. Qg2 Qa5 48. Rf2 Ra1 49. f5 Qc3 50. fxg6 hxg6 51. h5 Ra8 52. Qg3 Ra3 1/2-1/2

[Event "Manila zt 3.2a (Women)"]
[Site "Manila"]
[Date "2001.04.27"]
[Round "6"]
[White "Batceceg, Tuvshintogs"]
[Black "Foudzi, Sitii Zulaikha"]
[Result "1-0"]
[WhiteElo "2224"]
[BlackElo "2050"]
[PlyCount "73"]
[EventDate "2001.04.24"]
[EventType "swiss"]
[EventRounds "9"]
[EventCountry "PHI"]
[SourceTitle "CBM 082 Extra"]
[Source "ChessBase"]
[SourceDate "2001.07.03"]
[SourceVersion "1"]
[SourceVersionDate "2001.07.03"]
[SourceQuality "1"]

1. Nf3 Nf6 2. c4 g6 3. d4 Bg7 4. g3 0-0 5. Bg2 d6 6. 0-0 c6 7. Nc3 Qa5 8. h3 Nbd7 9. e4 e5 10. d5 c5 11. a3 Ne8 12. Qc2 h6 13. Rb1 f5 14. Nh4 g5 15. Nxf5 Qd8 16. b4 b6 17. Bd2 Bf6 18. Nxh6+ Kg7 19. Nf5+ Kg6 20. Qd1 Rh8 21. Qg4 Kf7 22. Qf3 Kg6 23. Nd1 Nf8 24. Nde3 Ng7 25. bxc5 bxc5 26. Rb5 Nxf5 27. Nxf5 Ba6 28. Rb2 Bxc4 29. Ne3 Bxf1 30. Qf5+ Kf7 31. Rb7+ Ke8 32. Bxf1 a6 33. Ng4 Be7 34. Bxg5 Nd7 35. Qg6+ Kf8 36. Bh6+ Rxh6 37. Nxh6 1-0

[Event "Manila zt 3.2a (Women)"]
[Site "Manila"]
[Date "2001.04.26"]
[Round "4"]
[White "Mariano, Christine Rose"]
[Black "Batceceg, Tuvshintogs"]
[Result "1/2-1/2"]
[WhiteElo "2093"]
[BlackElo "2224"]
[PlyCount "80"]
[EventDate "2001.04.24"]
[EventType "swiss"]
[EventRounds "9"]
[EventCountry "PHI"]
[SourceTitle "CBM 082 Extra"]
[Source "ChessBase"]
[SourceDate "2001.07.03"]
[SourceVersion "1"]
[SourceVersionDate "2001.07.03"]
[SourceQuality "1"]

1. e4 c5 2. Ne2 Nc6 3. Nbc3 e6 4. g3 g6 5. d4 cxd4 6. Nxd4 a6 7. Nxc6 bxc6 8. Qd4 f6 9. Bg2 Nh6 10. 0-0 Bg7 11. Be3 0-0 12. Rad1 Ng4 13. f4 Nxe3 14. Qxe3 Rb8 15. Na4 Rf7 16. b3 Bf8 17. c4 c5 18. Rd3 Qc7 19. Nc3 Bb7 20. g4 Bh6 21. Qf2 Kh8 22. Rh3 Bf8 23. f5 g5 24. Qc2 Qe5 25. Ne2 Re8 26. Ng3 exf5 27. Rxf5 Qd4+ 28. Rf2 Qa1+ 29. Rf1 Qe5 30. Qf2 Qd4 31. Kh1 Qxf2 32. Rxf2 Bd6 33. Nf5 Be5 34. Bf3 a5 35. Re2 a4 36. Bg2 Ra8 37. Re1 Bc6 38. Rd3 axb3 39. axb3 Rb8 40. Ne3 Rff8 1/2-1/2

[Event "Olympiad Women-34"]
[Site "Istanbul"]
[Date "2000.11.01"]
[Round "5.1"]
[White "Batceceg, Tuvshintogs"]
[Black "Lakos, Nikoletta"]
[Result "0-1"]
[WhiteElo "2237"]
[BlackElo "2327"]
[PlyCount "86"]
[EventDate "2000.10.28"]
[EventType "team-swiss"]
[EventRounds "14"]
[EventCountry "TUR"]
[SourceTitle "EXT 2001"]
[Source "ChessBase"]
[SourceDate "2000.11.22"]
[SourceVersion "1"]
[SourceVersionDate "2000.11.22"]
[SourceQuality "1"]
[WhiteTeam "Mongolia (W)"]
[BlackTeam "Hungary (W)"]
[WhiteTeamCountry "MGL"]
[BlackTeamCountry "HUN"]

1. Nf3 c5 2. c4 Nc6 3. g3 g6 4. Bg2 Bg7 5. Nc3 e6 6. 0-0 Nge7 7. d3 0-0 8. e4 d6 9. Be3 Nd4 10. Qd2 Nec6 11. Nh4 a6 12. f4 f5 13. exf5 gxf5 14. Rfe1 Rb8 15. Bxd4 Nxd4 16. Ne2 b5 17. Rab1 bxc4 18. dxc4 a5 19. Nxd4 Bxd4+ 20. Kh1 a4 21. Nf3 Bf6 22. Red1 Rb6 23. Qc2 Bd7 24. Rd3 Qc7 25. b3 axb3 26. axb3 Rfb8 27. Qe2 h6 28. Nd2 Kh7 29. g4 Rg8 30. g5 Bd4 31. Rh3 Rg6 32. Nf3 e5 33. Nh4 Rg8 34. Bd5 exf4 35. Bxg8+ Kxg8 36. Nf3 hxg5 37. Nxg5 Bc6+ 38. Nf3 Be4 39. Rh5 Qb7 40. Qg2+ Bg7 41. Rf1 Rxb3 42. Rh3 Kf8 43. Qg5 Rxf3 0-1

[Event "Oz.com qual blitz"]
[Site "ICC INT"]
[Date "2000.03.05"]
[Round "4"]
[White "Batceceg, Tuvshintogs"]
[Black "Vasta, Eduardo"]
[Result "1/2-1/2"]
[WhiteElo "2218"]
[BlackElo "2375"]
[PlyCount "121"]
[EventDate "2000.03.05"]
[EventType "swiss (blitz)"]
[EventRounds "9"]
[EventCountry "USA"]
[SourceTitle "EXT 2001"]
[Source "ChessBase"]
[SourceDate "2000.11.22"]
[SourceVersion "1"]
[SourceVersionDate "2000.11.22"]
[SourceQuality "1"]

1. e4 e5 2. Nf3 Nc6 3. Bc4 Nf6 4. d3 Be7 5. 0-0 0-0 6. c3 d5 7. exd5 Nxd5 8. h3 Bf5 9. Re1 Bf6 10. Nbd2 Nb6 11. Bb5 Bxd3 12. Bxc6 bxc6 13. Nxe5 Re8 14. Ndf3 Ba6 15. Bf4 Nd5 16. Bg3 c5 17. Qa4 Qc8 18. Rad1 Nb6 19. Qc6 Be7 20. Qe4 f6 21. Nd7 Kh8 22. Qg4 Bb5 23. Nxb6 cxb6 24. Nh4 Qxg4 25. hxg4 Bf8 26. Nf5 Rxe1+ 27. Rxe1 Re8 28. Rxe8 Bxe8 29. c4 Bd7 30. Ne3 a6 31. f3 b5 32. b3 Kg8 33. Kf2 Kf7 34. Ke2 Ke6 35. Nd5 Bd6 36. Nc7+ Bxc7 37. Bxc7 Bc6 38. Ke3 Kd7 39. Bb8 Bb7 40. Kf4 Kc6 41. g5 fxg5+ 42. Kxg5 Bc8 43. Be5 bxc4 44. bxc4 Be6 45. Bxg7 Bxc4 46. a3 Kb5 47. Bf8 Bd3 48. Kf4 a5 49. Ke3 Bg6 50. Kd2 Kc4 51. g4 Kd5 52. Kc3 a4 53. Bg7 Be8 54. Bf8 Bb5 55. f4 Be2 56. g5 Bg4 57. Bg7 Be6 58. Bf6 Ke4 59. Be5 Kd5 60. Bb8 Bf5 61. Be5 1/2-1/2

[Event "Oz.com qual blitz"]
[Site "ICC INT"]
[Date "2000.03.05"]
[Round "1"]
[White "Ricardi, Pablo"]
[Black "Batceceg, Tuvshintogs"]
[Result "1-0"]
[WhiteElo "2483"]
[BlackElo "2218"]
[PlyCount "143"]
[EventDate "2000.03.05"]
[EventType "swiss (blitz)"]
[EventRounds "9"]
[EventCountry "USA"]
[SourceTitle "EXT 2001"]
[Source "ChessBase"]
[SourceDate "2000.11.22"]
[SourceVersion "1"]
[SourceVersionDate "2000.11.22"]
[SourceQuality "1"]

1. e4 c5 2. Nf3 Nc6 3. Bb5 g6 4. 0-0 Bg7 5. Re1 Nf6 6. Nc3 0-0 7. e5 Ng4 8. Bxc6 bxc6 9. h3 Nh6 10. d3 Nf5 11. Ne4 Qb6 12. Rb1 Ba6 13. b3 Nd4 14. Ba3 Ne6 15. c4 Rad8 16. Qc1 d6 17. exd6 exd6 18. Bb2 d5 19. Nf6+ Kh8 20. Be5 Rc8 21. Ng5 Nxg5 22. Qxg5 Qd8 23. Qh4 h6 24. Qf4 Ra8 25. Nd7 g5 26. Bxg7+ Kxg7 27. Qe5+ f6 28. Qe7+ Rf7 29. Qxd8 Rxd8 30. Nxc5 Bc8 31. Re3 Kg6 32. Rbe1 dxc4 33. dxc4 h5 34. Re8 Rxe8 35. Rxe8 Bf5 36. f3 g4 37. hxg4 hxg4 38. Kf2 gxf3 39. Kxf3 Bb1 40. a4 Rh7 41. Rg8+ Kf5 42. Rc8 Ke5 43. Rxc6 Kd4 44. Kf4 Rh4+ 45. Kg3 Rh5 46. Ne6+ Kc3 47. Nf4 Rg5+ 48. Kf2 Kxb3 49. Rxf6 Kxc4 50. Ra6 Rg7 51. Kf3 Kb4 52. Nd5+ Kc5 53. Ne3 Bd3 54. Rf6 Kb4 55. Rf4+ Ka5 56. g4 Ba6 57. Kg3 Bb7 58. Nf5 Rg5 59. Nd6 Bc6 60. Kh4 Rg6 61. Nc4+ Ka6 62. Ne5 Rh6+ 63. Kg5 Re6 64. Nxc6 Rxc6 65. Kh5 Ka5 66. g5 Rc1 67. g6 Rh1+ 68. Rh4 Rg1 69. Rg4 Rh1+ 70. Kg5 Rh8 71. g7 Rc8 72. Kh6 1-0

[Event "Olympiad Women-33"]
[Site "Elista"]
[Date "1998.10.12"]
[Round "13"]
[White "Batceceg, Tuvshintogs"]
[Black "Mills, Natalie"]
[Result "1-0"]
[WhiteElo "2175"]
[BlackElo "2010"]
[PlyCount "83"]
[EventDate "1998.09.29"]
[EventType "team-swiss"]
[EventRounds "13"]
[EventCountry "RUS"]
[SourceTitle "CBM 066 Extra"]
[Source "ChessBase"]
[SourceDate "1998.11.06"]
[SourceVersion "1"]
[SourceVersionDate "1998.11.06"]
[SourceQuality "1"]

1. Nf3 d5 2. d4 Nf6 3. c4 c6 4. Nc3 dxc4 5. a4 Bf5 6. Ne5 e6 7. Nxc4 Bb4 8. Bg5 0-0 9. e3 Nbd7 10. Be2 Qe7 11. 0-0 e5 12. Na2 exd4 13. Qxd4 Bc5 14. Qf4 Bg6 15. Rac1 Qe4 16. b4 Be7 17. Rfd1 Qxf4 18. Bxf4 Nd5 19. Bd6 N7f6 20. Bxe7 Nxe7 21. Nd6 Rab8 22. f3 Ned5 23. e4 Rfd8 24. exd5 Rxd6 25. dxc6 Rxc6 26. Rxc6 bxc6 27. Rc1 Re8 28. Ba6 Re6 29. Bb7 Kf8 30. Bxc6 Ke7 31. b5 Nd7 32. Nb4 Ne5 33. a5 Kd6 34. b6 axb6 35. axb6 Nxc6 36. Rxc6+ Kd7 37. Rc7+ Kd6 38. Kf2 Re5 39. Na6 Re8 40. b7 Bd3 41. Rc8 Bxa6 42. b8Q+ 1-0

[Event "Olympiad Women-33"]
[Site "Elista"]
[Date "1998.10.04"]
[Round "6"]
[White "Maggiolo, Elisa"]
[Black "Batceceg, Tuvshintogs"]
[Result "0-1"]
[WhiteElo "2130"]
[BlackElo "2175"]
[PlyCount "46"]
[EventDate "1998.09.29"]
[EventType "team-swiss"]
[EventRounds "13"]
[EventCountry "RUS"]
[SourceTitle "CBM 066 Extra"]
[Source "ChessBase"]
[SourceDate "1998.11.06"]
[SourceVersion "1"]
[SourceVersionDate "1998.11.06"]
[SourceQuality "1"]

1. e4 d5 2. exd5 Nf6 3. d4 Nxd5 4. c4 Nb6 5. Nc3 e5 6. dxe5 Qxd1+ 7. Nxd1 Nc6 8. f4 Be6 9. b3 0-0-0 10. Nf3 f6 11. Be2 Bb4+ 12. Kf2 fxe5 13. fxe5 Rhf8 14. Bb2 g5 15. Kg3 h6 16. h3 Rg8 17. Nf2 h5 18. Ne4 g4 19. hxg4 Rxg4+ 20. Kf2 Rxe4 21. Ng5 Rxe2+ 22. Kxe2 Bg4+ 23. Ke3 Bd2+ 0-1

[Event "Asia-ch U20 Girls"]
[Site "Rasht"]
[Date "1998.??.??"]
[Round "3"]
[White "Meenakshi, Subbaraman"]
[Black "Batceceg, Tuvshintogs"]
[Result "1-0"]
[WhiteElo "2090"]
[BlackElo "2165"]
[PlyCount "65"]
[EventDate "1998.??.??"]
[EventType "swiss"]
[EventRounds "11"]
[EventCountry "IRI"]
[SourceTitle "EXT 2004"]
[Source "ChessBase"]
[SourceDate "2003.11.25"]
[SourceVersion "1"]
[SourceVersionDate "2003.11.25"]
[SourceQuality "1"]

1. c4 c6 2. Nc3 d5 3. d4 Nf6 4. Nf3 dxc4 5. a4 Bf5 6. e3 e6 7. Bxc4 Bb4 8. 0-0 0-0 9. Qe2 Nbd7 10. Rd1 Bg6 11. Ne5 Nxe5 12. dxe5 Nd7 13. f4 Qc7 14. h4 h6 15. Qg4 Bf5 16. Qf3 Nb6 17. Bb3 Bh7 18. e4 Nd7 19. Bc2 Rad8 20. Kh1 Be7 21. Qg3 Kh8 22. Be3 Bg6 23. Rd2 Nb6 24. Rxd8 Rxd8 25. f5 exf5 26. exf5 Bh7 27. Rf1 f6 28. Bf4 fxe5 29. Bxe5 Bd6 30. Bxd6 Qxd6 31. Qg4 Qe5 32. f6 Bxc2 33. Qxg7# 1-0

[Event "Olympiad Women-32"]
[Site "Yerevan"]
[Date "1996.??.??"]
[Round "11"]
[White "Batceceg, Tuvshintogs"]
[Black "Aslanian, Ludmila K"]
[Result "1/2-1/2"]
[WhiteElo "2040"]
[BlackElo "2180"]
[PlyCount "81"]
[EventDate "1996.09.15"]
[EventType "team-swiss"]
[EventRounds "14"]
[EventCountry "ARM"]
[SourceTitle "EXT 1997"]
[Source "ChessBase"]
[SourceDate "1996.11.15"]
[SourceVersion "1"]
[SourceVersionDate "1996.11.15"]
[SourceQuality "1"]

1. Nf3 Nf6 2. c4 e6 3. g3 Be7 4. Bg2 0-0 5. 0-0 d5 6. b3 c5 7. Bb2 Nc6 8. e3 b6 9. Nc3 Bb7 10. cxd5 exd5 11. d4 Qd7 12. Ne5 Qe6 13. Ne2 Rfd8 14. Nf4 Qd6 15. Rc1 Rac8 16. Ng4 Ne4 17. dxc5 bxc5 18. Nxd5 Qxd5 19. Qxd5 Rxd5 20. Bxe4 Rd2 21. Rc2 Rxc2 22. Bxc2 Nb4 23. Bb1 Rd8 24. Ne5 Bf6 25. Nc4 Bxb2 26. Nxb2 Bf3 27. a3 Nc6 28. Rc1 Na5 29. Rxc5 Nxb3 30. Rc7 g6 31. Bd3 Nd2 32. h3 Rb8 33. Rc2 Ne4 34. Be2 Bxe2 35. Rxe2 Rb3 36. a4 Ra3 37. Kg2 Nc5 38. Rc2 Nxa4 39. Nxa4 Rxa4 40. Kf3 Kg7 41. Rc3 1/2-1/2

[Event "Olympiad Women-32"]
[Site "Yerevan"]
[Date "1996.??.??"]
[Round "14"]
[White "Batceceg, Tuvshintogs"]
[Black "Ramon Pita, Vivian"]
[Result "1/2-1/2"]
[WhiteElo "2040"]
[BlackElo "2260"]
[PlyCount "120"]
[EventDate "1996.09.15"]
[EventType "team-swiss"]
[EventRounds "14"]
[EventCountry "ARM"]
[SourceTitle "EXT 1997"]
[Source "ChessBase"]
[SourceDate "1996.11.15"]
[SourceVersion "1"]
[SourceVersionDate "1996.11.15"]
[SourceQuality "1"]

1. Nf3 Nf6 2. c4 g6 3. Nc3 d5 4. cxd5 Nxd5 5. Qa4+ Bd7 6. Qh4 Nxc3 7. dxc3 Bg7 8. e4 Nc6 9. Bh6 Bf6 10. Qf4 e5 11. Qe3 Qe7 12. Bc4 0-0-0 13. 0-0 Kb8 14. b4 Rdg8 15. Ng5 Nd8 16. Rfd1 Ne6 17. h4 Nxg5 18. hxg5 Bg7 19. Bxg7 Rxg7 20. Qf3 Bc8 21. Qf6 Qxf6 22. gxf6 Rgg8 23. Rd3 g5 24. Bxf7 Rf8 25. Bb3 Rxf6 26. Rad1 c6 27. Rd8 Rff8 28. R8d6 Rf4 29. Bc2 Rhf8 30. R1d2 Kc7 31. Rh6 R8f7 32. c4 R4f6 33. Rxf6 Rxf6 34. c5 h5 35. Bd1 h4 36. Kh2 Rf4 37. Bc2 Rf6 38. Bb3 g4 39. Kg1 Bd7 40. Bc4 Be8 41. Bb3 Bg6 42. Bc2 Bf7 43. Bb1 Rg6 44. Kh2 Rg8 45. a3 Be6 46. Rd6 Bd7 47. Bc2 g3+ 48. fxg3 Rxg3 49. Rd3 Rg4 50. Rf3 Rg7 51. Bb3 Bg4 52. Rf7+ Rxf7 53. Bxf7 Kd7 54. g3 Ke7 55. Bc4 hxg3+ 56. Kxg3 Bd1 57. Kf2 Kf6 58. Ke3 Bg4 59. Bb3 b6 60. cxb6 axb6 1/2-1/2

[Event "Asia-ch Girls"]
[Site "Macau"]
[Date "1996.??.??"]
[Round "?"]
[White "Batceceg, Tuvshintogs"]
[Black "Safira, Shahnaz"]
[Result "0-1"]
[WhiteElo "2040"]
[BlackElo "2040"]
[PlyCount "52"]
[EventDate "1996.??.??"]
[EventType "tourn"]
[EventRounds "13"]
[EventCountry "MAC"]
[SourceTitle "EXT 1998"]
[Source "ChessBase"]
[SourceDate "1997.11.17"]
[SourceVersion "1"]
[SourceVersionDate "1997.11.17"]
[SourceQuality "1"]

1. d4 Nf6 2. Nf3 e6 3. c4 b6 4. g3 Bb7 5. Bg2 c5 6. 0-0 cxd4 7. Qxd4 Bc5 8. Qd1 0-0 9. Nc3 Nc6 10. Bf4 Rc8 11. e4 Bb4 12. e5 Bxc3 13. bxc3 Ne4 14. Qd3 Na5 15. Rfd1 Nxc4 16. Qxd7 Nxc3 17. Rd3 Ne2+ 18. Kh1 Nxf4 19. gxf4 Bxf3 20. Bxf3 Qh4 21. Rc3 Qxf4 22. Rac1 Rcd8 23. Qxa7 Nxe5 24. Bg2 Ng4 25. Qc7 Nxf2+ 26. Kg1 Qd4 0-1